Statistics for Footballers who can represent more than one country

Click here to take the quiz!

General Stats

  • This quiz has been taken 27 times
  • The average score is 8 of 16

Answer Stats

Answer% Correct
Spain, Italy
92%
Turkey
92%
Ghana
72%
Kosovo, Albania
68%
Algeria
64%
Bosnia & Herzegovina, Croatia, Albania
64%
D.R. Congo
48%
Ireland
48%
Guinea
40%
Cameroon, Algeria
32%
England
32%
Jamaica
32%
Mali
28%
France
24%
St. Kitts and Nevis
12%
St. Lucia
4%

Score Distribution

Percentile by Number Answered

Percent of People with Each Score

Your Score History

You have not taken this quiz